UBT Library

Inside XML DTDs / (Record no. 44347)

000 -LEADER
fixed length control field 00713cam a2200241 a 4500
001 - CONTROL NUMBER
control field 12004978
005 - DATE AND TIME OF LATEST TRANSACTION
control field 20180307092711.0
008 - FIXED-LENGTH DATA ELEMENTS--GENERAL INFORMATION
fixed length control field 000511s1999 nyua 001 0 eng d
010 ## - LIBRARY OF CONGRESS CONTROL NUMBER
LC control number 00266789
020 ## - INTERNATIONAL STANDARD BOOK NUMBER
International Standard Book Number 007134621X
035 ## - SYSTEM CONTROL NUMBER
System control number (OCoLC)ocm42631657
040 ## - CATALOGING SOURCE
Original cataloging agency BGU
Transcribing agency BGU
Modifying agency DLC
041 ## - LANGUAGE CODE
Language code of text/sound track or separate title eng
042 ## - AUTHENTICATION CODE
Authentication code lccopycat
080 ## - UNIVERSAL DECIMAL CLASSIFICATION NUMBER
Universal Decimal Classification number 005.72 sim
082 00 - DEWEY DECIMAL CLASSIFICATION NUMBER
Classification number 005.72 sim
Edition number 21
100 1# - Rafti
Rafti 36
101 ## - Shkurtesa
Shkurtesa shk
245 10 - TITLE STATEMENT
Title Inside XML DTDs /
Statement of responsibility, etc Simon St. Laurent, Robert Biggar.
906 ## - LOCAL DATA ELEMENT F, LDF (RLIN)
a 7
b cbc
c copycat
d 2
e ncip
f 20
g y-gencatlg
942 ## - ADDED ENTRY ELEMENTS (KOHA)
Source of classification or shelving scheme
Item type Books
Holdings
Withdrawn status Lost status Source of classification or shelving scheme Damaged status Not for loan Collection code Permanent location Current location Shelving location Date acquired Total Checkouts Full call number Barcode Date last seen Price effective from Koha item type
          Koleksioni i përgjithshem UBT - Lipjan UBT - Lipjan Koleksioni i përgjithshem 03/07/2018   005.72 sim 002-3001009 03/07/2018 03/07/2018 Books
UBT Library © 2015-2024. All rights reserved University Education for Business and Technology